| 000 | 00658nam a2200145 a 4500 | ||
|---|---|---|---|
| 008 | 060801s2005 ||||||||||||||||| || u | ||
| 050 | _aTHESIS/MBA | ||
| 100 | _aChisanga, Isaac Kunda | ||
| 245 | 1 | 3 |
_aAn evaluation of the prepayment metering system: a case of Zesco Lusaka Division _cMBA thesis supervised by Kenneth Kapika |
| 260 |
_aKitwe _bCopperbelt University, School of Postgraduate Studies, MBA Programme _c2005 |
||
| 350 | _a0.00 | ||
| 650 | 0 | _aBUSINESS | |
| 650 | _aELECTRICITY--PAYMENT | ||
| 995 |
_D0.00 _FCBU-MAIN LIBRARY (Kitwe) _H1 _I0.00 _M1 _UAVAILABLE _WAug 1, 2006 _ZUniversity Collection |
||
| 999 |
_c42732 _d42732 |
||